Statistics in practice (Include CD)/ (Record no. 184885)
[ view plain ]
| 000 -LEADER | |
|---|---|
| fixed length control field | 01274 a2200217 4500 |
| 003 - CONTROL NUMBER IDENTIFIER | |
| control field | Nust |
| 005 - DATE AND TIME OF LATEST TRANSACTION | |
| control field | 20230620150707.0 |
| 010 ## - LIBRARY OF CONGRESS CONTROL NUMBER | |
| LC control number | 97080332 |
| 020 ## - INTERNATIONAL STANDARD BOOK NUMBER | |
| International Standard Book Number | 0030193745 |
| 040 ## - CATALOGING SOURCE | |
| Transcribing agency | Nust |
| 082 00 - DEWEY DECIMAL CLASSIFICATION NUMBER | |
| Classification number | 310,BLA |
| 100 1# - MAIN ENTRY--PERSONAL NAME | |
| Personal name | Blaisdell, Ernest A. |
| 9 (RLIN) | 113184 |
| 245 10 - TITLE STATEMENT | |
| Title | Statistics in practice (Include CD)/ |
| Statement of responsibility, etc. | Ernest A. Blaisdell. |
| 250 ## - EDITION STATEMENT | |
| Edition statement | 2nd ed. |
| 260 ## - PUBLICATION, DISTRIBUTION, ETC. | |
| Place of publication, distribution, etc. | Fort Worth : |
| Name of publisher, distributor, etc. | Saunders College Pub., |
| Date of publication, distribution, etc. | c1998. |
| 300 ## - PHYSICAL DESCRIPTION | |
| Extent | 1 v. (various pagings) : |
| Other physical details | ill. (some col.) ; |
| Dimensions | 25 cm. |
| 505 ## - FORMATTED CONTENTS NOTE | |
| Formatted contents note | A First Look at statistics and Minitab (Page-1), Describing Data (Page-30), Modeling Bivariate Data (Page-112), Probability (Page-154), Random Variables and Discrete Probability Distributions (Page-209), Special Discrete Probability Distributions (Page-243), Normal Probability Distributions (Page-280), Sampling Methods and Sampling Distributions (Page-316), Estimating Means, Proportions and Variance (Page-354), Tests of Hypotheses (Page-410),Tests of Hypotheses and Estimation (Page-469), CHI-Square Tests for Analyzing Count Data (Page-546), Analysis of Variance (Page-585), Linear Regression Analysis (Page-639), Nonparametric Tests (Page-686), Multiple Regression Models (Page-755). |
| 650 #0 - SUBJECT ADDED ENTRY--TOPICAL TERM | |
| Topical term or geographic name entry element | Statistics. |
| 9 (RLIN) | 69 |
| 651 ## - SUBJECT ADDED ENTRY--GEOGRAPHIC NAME | |
| Geographic name | (Include CD) |
| 9 (RLIN) | 8953 |
| 942 ## - ADDED ENTRY ELEMENTS (KOHA) | |
| Source of classification or shelving scheme | |
| Koha item type | Book |
| Withdrawn status | Lost status | Source of classification or shelving scheme | Damaged status | Not for loan | Permanent Location | Current Location | Shelving location | Date acquired | Full call number | Barcode | Date last seen | Price effective from | Koha item type | Public note |
|---|---|---|---|---|---|---|---|---|---|---|---|---|---|---|
| Military College of Signals (MCS) | Military College of Signals (MCS) | General Stacks | 12/12/2016 | 310,BLA | MCS28118 | 12/08/2016 | 12/12/2016 | Book | Almirah No.81, Shelf No.5 |
